[Event "PNWCC vs Europe Hybrid 08"]
[Site "Chess.com INT"]
[Date "2022.08.19"]
[Round "2"]
[White "Stoynov, Ivan"]
[Black "Gottumukkala, Anath"]
[Result "1-0"]
[WhiteElo "2131"]
[BlackElo "1927"]
[PlyCount "97"]
[EventDate "2022.08.19"]
[EventType "team-match"]
[EventRounds "8"]
[EventCountry "USA"]
[SourceTitle "EXT 2024"]
[Source "ChessBase"]
[SourceDate "2023.10.10"]
[SourceVersion "1"]
[SourceVersionDate "2023.10.10"]
[SourceQuality "1"]
[WhiteTeam "Europe"]
[BlackTeam "PNWCC"]
[BlackTeamCountry "USA"]

1. e4 c5 2. Nf3 d6 3. d4 cxd4 4. Nxd4 Nf6 5. Nc3 a6 6. g3 e5 7. Nde2 Be7 8. a4 Nc6 9. Bg2 Nb4 10. 0-0 Be6 11. Nd5 Nfxd5 12. exd5 Bf5 13. c3 Nd3 14. Be3 Nxb2 15. Qb3 Nd3 16. Rfd1 Bg5 17. Bb6 Qf6 18. c4 Qg6 19. Ra2 h5 20. h3 e4 21. a5 Rc8 22. Nd4 0-0 23. Nxf5 Qxf5 24. Rc2 Nc5 25. Bxc5 Rxc5 26. Re1 e3 27. h4 Re8 28. Kh2 Bh6 29. f4 Bxf4 30. gxf4 Qxf4+ 31. Kg1 Rxa5 32. Rce2 Qxh4 33. Rxe3 Qd4 34. Kh1 Qh4+ 35. Kg1 Rxe3 36. Qxe3 Qf6 37. Qe8+ Kh7 38. Be4+ Kh6 39. Rf1 Qd4+ 40. Kh1 Ra1 41. Rxa1 Qxa1+ 42. Kh2 Kg5 43. Bg2 Qf6 44. Qe3+ Qf4+ 45. Qxf4+ Kxf4 46. c5 Ke5 47. c6 bxc6 48. dxc6 Ke6 49. Bh3+ 1-0

[Event "Vancouver op"]
[Site "Chess.com INT"]
[Date "2020.07.26"]
[Round "?"]
[White "Gottumukkala, Anath"]
[Black "Vega, Isaac"]
[Result "1-0"]
[WhiteElo "1785"]
[BlackElo "1972"]
[PlyCount "53"]
[EventDate "2020.07.25"]
[EventType "swiss"]
[EventRounds "5"]
[EventCountry "USA"]
[SourceTitle "EXT 2023"]
[Source "ChessBase"]
[SourceDate "2022.10.05"]
[SourceVersion "1"]
[SourceVersionDate "2022.10.05"]
[SourceQuality "1"]

1. e4 c5 2. Nf3 e6 3. d3 Nf6 4. g3 d5 5. Qe2 Nc6 6. Bg2 Be7 7. 0-0 0-0 8. e5 Nd7 9. c4 Nb6 10. b3 a5 11. a4 Qc7 12. Bf4 Bd7 13. Nc3 Nd4 14. Nxd4 cxd4 15. Nxd5 exd5 16. e6 Bd6 17. Bxd6 Qxd6 18. exd7 dxc4 19. dxc4 Nxd7 20. Bxb7 Rab8 21. Be4 Rxb3 22. Bxh7+ Kh8 23. Bc2 Rc3 24. Rad1 Nc5 25. Qh5+ Qh6 26. Qxc5 Rxc2 27. Qxf8+ 1-0

[Event "Vancouver op"]
[Site "Chess.com INT"]
[Date "2020.07.25"]
[Round "?"]
[White "Gottumukkala, Anath"]
[Black "Bagchi, Sounak"]
[Result "1/2-1/2"]
[WhiteElo "1785"]
[BlackElo "1995"]
[PlyCount "70"]
[EventDate "2020.07.25"]
[EventType "swiss"]
[EventRounds "5"]
[EventCountry "USA"]
[SourceTitle "EXT 2023"]
[Source "ChessBase"]
[SourceDate "2022.10.05"]
[SourceVersion "1"]
[SourceVersionDate "2022.10.05"]
[SourceQuality "1"]

1. e4 e5 2. Nf3 Nc6 3. Bc4 Bc5 4. c3 Nf6 5. d4 exd4 6. e5 d5 7. Bb5 Ne4 8. cxd4 Bb6 9. Nc3 0-0 10. Be3 Nxc3 11. bxc3 Bf5 12. 0-0 f6 13. exf6 Qxf6 14. Be2 h6 15. a4 Rae8 16. Qb3 Be6 17. Bb5 Na5 18. Qb4 c6 19. Bd3 Nc4 20. a5 Bc7 21. Bxc4 dxc4 22. Qxb7 Bd6 23. Qxc6 Rd8 24. Ne5 Bxe5 25. dxe5 Qf5 26. Rad1 Rd3 27. Rxd3 cxd3 28. Qd6 Rf7 29. Bxa7 Rd7 30. Qb8+ Kh7 31. Bd4 Bd5 32. Qb2 Bxg2 33. Kxg2 Qg4+ 34. Kh1 Qf3+ 35. Kg1 Qg4+ 1/2-1/2

[Event "Vancouver op"]
[Site "Chess.com INT"]
[Date "2020.07.25"]
[Round "?"]
[White "Gottumukkala, Anath"]
[Black "Guha, Eshan"]
[Result "1-0"]
[WhiteElo "1785"]
[BlackElo "2129"]
[PlyCount "63"]
[EventDate "2020.07.25"]
[EventType "swiss"]
[EventRounds "5"]
[EventCountry "USA"]
[SourceTitle "EXT 2023"]
[Source "ChessBase"]
[SourceDate "2022.10.05"]
[SourceVersion "1"]
[SourceVersionDate "2022.10.05"]
[SourceQuality "1"]

1. e4 c5 2. Nf3 d6 3. Bb5+ Nd7 4. d4 cxd4 5. Qxd4 a6 6. Be2 Ngf6 7. 0-0 g6 8. Nc3 Bg7 9. Rd1 0-0 10. e5 Nh5 11. Qh4 dxe5 12. Bg5 Nhf6 13. Nxe5 Qc7 14. Ng4 Nxg4 15. Nd5 Qxh2+ 16. Qxh2 Nxh2 17. Nxe7+ Kh8 18. Nxc8 Raxc8 19. Rxd7 Rxc2 20. Bd3 Rxb2 21. Kxh2 Rxf2 22. Rf1 Be5+ 23. Kh3 Rxa2 24. Be7 Rc8 25. Rxf7 Kg8 26. Rf3 b5 27. Be4 Ra1 28. Bd5+ Kh8 29. g3 Rac1 30. Bd8 Bg7 31. Rf8+ Bxf8 32. Bf6+ 1-0

[Event "Emerald City op"]
[Site "Chess.com INT"]
[Date "2020.06.21"]
[Round "?"]
[White "Gottumukkala, Anath"]
[Black "Bell, Harry"]
[Result "1-0"]
[WhiteElo "1785"]
[BlackElo "2000"]
[PlyCount "63"]
[EventDate "2020.06.20"]
[EventType "swiss"]
[EventRounds "5"]
[EventCountry "USA"]
[SourceTitle "EXT 2023"]
[Source "ChessBase"]
[SourceDate "2022.10.05"]
[SourceVersion "1"]
[SourceVersionDate "2022.10.05"]
[SourceQuality "1"]

1. e4 e5 2. Nf3 Nf6 3. Nxe5 d6 4. Nf3 Nxe4 5. d4 d5 6. Bd3 Be7 7. 0-0 Nc6 8. Nbd2 Nf6 9. c3 0-0 10. h3 Re8 11. Re1 Bd6 12. Rxe8+ Qxe8 13. b4 Ne7 14. Nb3 Bf5 15. Nc5 b6 16. Nb7 Qc6 17. Nxd6 cxd6 18. Bxf5 Nxf5 19. Qd3 Ne4 20. Bb2 Qc4 21. Qxc4 dxc4 22. g4 Nh6 23. Re1 d5 24. Ne5 f6 25. Nc6 Kf7 26. f3 Ng5 27. Re7+ Kf8 28. Rxa7 Re8 29. b5 Nxh3+ 30. Kf1 Re3 31. Ba3+ Kg8 32. Ne7+ 1-0